Turniansky hrad

Bibliographic Details
Main Author: čer (Author)
Corporate Author: Turniansky hrad (Turňa nad Bodvou, Slovensko) (Author)
Format: Article
Language:Slovak
Subjects:

MARC

LEADER 00000nab a2200000 a 4500
001 vtls000911691
003 SK-MaSNL
005 20260302174247.0
008 040720e20000929xo 0 slo
035 |a KE20606 
040 |a KEVKJB  |b slo  |c KEVKJB  |e AACR2 
041 0 |a slo 
044 |a xo  |c SK 
080 |a 792.8  |2 1981 
100 0 |a čer  |4 aut  |9 879164 
245 1 0 |a Turniansky hrad 
610 2 7 |a Turniansky hrad (Turňa nad Bodvou, Slovensko)  |2 KEVKJB  |9 164748 
650 0 7 |a dejiny  |2 KEVKJB  |9 3825 
650 0 7 |a opisy  |2 KEVKJB  |9 880273 
651 7 |a Turňa nad Bodvou (Slovensko)  |2 KEVKJB  |9 30010 
651 7 |a KS,  |2 KEVKJB  |9 880381 
655 7 |a periodikum  |2 snkbucl  |9 29553 
710 2 |a Turniansky hrad (Turňa nad Bodvou, Slovensko)  |4 aut  |9 164748 
773 0 8 |t Košický večer  |g Roč. 11  |g Roč. 32, č.186, 29.9.2000, s. 21 
852 |a ZVYKNI  |b KIS3GCP 
999 |c 1403511  |d 1405441